Futurity - future kontrakty

Pojem futurity a jej vlastnosti. Najrozšírenejšie futurity na rozvinutých trhoch sú: futurity na úrokovú mieru, menové futurity, futurity na akciové indexy. Na slovenskom trhu sa v súčasnosti s futuritami neobchoduje.

Gespeichert in:
Bibliographische Detailangaben
1. Verfasser: Vlachynský, Karol
Format: Buchkapitel
Sprache:Slowakisch
Schlagworte:
Tags: Tag hinzufügen
Keine Tags, Fügen Sie das erste Tag hinzu!

MARC

LEADER 00000naa a2200000 4500
001 r025631
005 20230426110402.8
041 0 |a slo 
044 |a SK 
245 1 0 |a Futurity - future kontrakty  |c Karol Vlachynský 
520 |a Pojem futurity a jej vlastnosti. Najrozšírenejšie futurity na rozvinutých trhoch sú: futurity na úrokovú mieru, menové futurity, futurity na akciové indexy. Na slovenskom trhu sa v súčasnosti s futuritami neobchoduje. 
610 2 0 |a deriváty 
610 2 0 |a futurity 
610 2 0 |a pojmy 
610 2 0 |a obchody burzové 
100 1 |a Vlachynský, Karol